LEADER 01494nam a2200361 a 4500 001 000000129915 003 CaOOAMICUS 005 20120906095432.0 008 120906m20119999it u000 u ita r 020 $a978-88-7402-681-4 (v. 1) 040 $aPUL$bita 041 1 $aita$hlat 082 04$a262.8 100 1 $aPellegrino, Giuseppe.$0(OLS)http://pul/name/30354 240 10$aLabor libertatis.$lItaliano.$0(OLS)http://pul/title/164218 245 13$aIl travaglio della libertą /$cGiuseppe Pellegrino. 260 $aCantalupa (To) :$bEffatą,$c©2011- 300 $a2 v. ;$c24 cm. 490 1 $aStudia taurinensia ;$v33 504 $aContiene riferimenti bibliografici. 505 1 $aV. 1. Confronto con Dietrich Bonhoeffer. 650 4$aTeologia morale.$0(OLS)http://pul/subject/1500 740 02$aConfronto con Dietrich Bonhoeffer. 830 0$aStudia taurinensia ;$v33.$0(OLS)http://pul/title/45722 850 $aPUL 852 $aPUL$W1$xDP2 Religione 3$y114$m262. 8 PELGI 1.1$j150439$av. 1$qDDC 21$B148984$CPULBib$Z2$F148984 $H120317 $82 941 1 $a9 996 $6020$a978-88-7402-681-4 (v. 1)$9(OLS)http://pul/number/150402 996 $6082$a262.8$9(OLS)http://pul/classification/1711 996 $6245$aIl travaglio della libertą$9(OLS)http://pul/title/164216 996 $6740$aConfronto con Dietrich Bonhoeffer$9(OLS)http://pul/title/164217 996 $6260$aCantalupa (To) :$bEffatą$9(OLS)http://pul/publisher/68547 LEADER 01369nam a2200337 a 4500 001 000000129938 003 CaOOAMICUS 005 20120906141225.0 008 120906s2012 it u000 u ita r 020 $a978-88-7016-888-4 040 $aPUL$bita 041 1 $aita$heng 082 04$a223 100 1 $aBrown, William P.$0(OLS)http://pul/name/83216 240 10$aEcclesiastes.$lItaliano.$0(OLS)http://pul/title/164253 245 10$aQohelet /$cWilliam P. Brown ; traduzione italiana di Andrea Del Sette. 260 $aTorino :$bClaudiana,$c©2012. 300 $a191 p. ;$c24 cm. 490 1 $aStrumenti. Commentari ;$v58 504 $aBibliografia: p. 169-174. 630 04$aBiblia.$pV.T.$pEcclesiasticus$xCritica, interpretazione, ecc.$0(OLS)http://pul/subject/10189 700 1 $aDel Sette, Andrea.$0(OLS)http://pul/name/83217 830 0$aStrumenti (Claudiana).$pCommentari ;$v58.$0(OLS)http://pul/title/133061 850 $aPUL 852 $aPUL$W1$xSL Religione 3$y85$m223 BROWI 1$j150489$qDDC 21$B149014$CPULBib$Z2$F149014 $H120575 $82 941 1 $a9 996 $6020$a978-88-7016-888-4$9(OLS)http://pul/number/150424 996 $6082$a223$9(OLS)http://pul/classification/504 996 $6245$aQohelet$9(OLS)http://pul/title/164254 996 $6260$aTorino :$bClaudiana$9(OLS)http://pul/publisher/48072